Marichavar samsarikkunnathu / (Record no. 137804)

000 -LEADER
fixed length control field 00384nam a22001577a 4500
020 ## - INTERNATIONAL STANDARD BOOK NUMBER
ISBN 8184231636
082 ## - DEWEY DECIMAL CLASSIFICATION NUMBER
Classification number M3
Item number KHA/M
100 ## - MAIN ENTRY--AUTHOR NAME
Personal name Khareem M K
245 ## - TITLE STATEMENT
Title Marichavar samsarikkunnathu /
Statement of responsibility, etc by Khareem M K
260 ## - PUBLICATION, DISTRIBUTION, ETC. (IMPRINT)
Place of publication Thrissur:
Name of publisher Green Books,
Year of publication 2009.
300 ## - PHYSICAL DESCRIPTION
Number of Pages 184p.
650 ## - SUBJECT ADDED ENTRY--TOPICAL TERM
Topical Term Novel Malayalam
650 ## - SUBJECT ADDED ENTRY--TOPICAL TERM
Topical Term Literature Malayalam
650 ## - SUBJECT ADDED ENTRY--TOPICAL TERM
Topical Term Literature
942 ## - ADDED ENTRY ELEMENTS (KOHA)
Koha item type Book
Holdings
Withdrawn status Lost status Damaged status Not for loan Permanent Location Current Location Shelving location Date acquired Cost, normal purchase price Full call number Accession Number Price effective from Koha item type
        Sree Sankaracharya University of Sanskrit Sree Sankaracharya University of Sanskrit Stacks 28.06.2018 110.00 M3 KHA/M 090782 28.06.2018 Book